000
00286nam a22001337a 4500
003
SGT
082
_a
616.01
_b
M13N
100
_a
NAGOBA, B S
245
_a
MEDICAL PARASITOLOGY PREP MANUAL FOR UG
250
_a
2ND
260
_a
INDIA
_b
ELSEVIER
_c
2013
300
_a
130
942
_2
ddc
_c
BK
999
_c
14122
_d
14122